000
00310nam a2200133Ia 4500
005
20251222155156.0
008
251222s9999||||xx |||||||||||||| ||spa||
082
_a
SIC. 13
100
_a
JERSILD, Arthur T.
245
0
_a
Psicología del Niño
250
_a
1ra. ed.
264
_b
Universitaria
942
_c
LIB
999
_c
39762
_d
39762